Quizzes
Events
Quiz Creation
Community
Videos
Private Events
Remove Ads
Sign In
Join for FREE
Feedback
Dark Mode
Quiz Categories
Sports
Geography
Music
Movies
Television
Just For Fun
Miscellaneous
History
Literature
Language
Science
Gaming
Entertainment
Religion
Holiday
For Kids
Quiz Lab
Recent
Popular Today
Quiz Kudos Today
Editor Picks
Curator Picks
Quizzes by...
Day
Popularity
Type
Ratings
Length
Year
Community
Subscriptions
Recent Discussions
Orange Saloon
Badges
Playlists
Quests
Create
Leaderboards
Showdown
Live 5
Trivia Bingo
Activity
Puzzle Library
Sporcle Events
Private Events
Virtual Trivia
Globe League
Become a Host
Pub Owners
SporcleCon
Opinionation
Our Games
Videos
Blog
Mobile Apps
Partnerships
Remove Ads and Go Orange
Feedback
Music
Pop Music
The Beatles
Song
Album
Lyrics
Bands
Singers
Artist
Clip
Rock
Rap
Classical
Billboard
Country Music
Kpop
Taylor Swift
Music
Pop Music
The Beatles
Song
Album
Lyrics
Bands
Singers
Artist
Clip
Rock
Rap
Classical
Billboard
Country Music
Kpop
Taylor Swift
Random Quiz
Search Sporcle
×
Quiz Lab
Quiz Lab
Music
Football
Type in answers that appear in a list
Type in answers that appear in a list
Classic
Best Score? Go Orange.
Every Iron Maiden band member ever Stats
Can you name the every Iron Maiden band member ever?
By
Dlink10
5m
25 Questions
504 Plays
504 Plays
504 Plays
Comments
Comments
Give Quiz Kudos
Give Quiz Kudos
-
- Ratings
hide this ad
Replay
Link that replays current quiz
Next Quiz
Link to next quiz in quiz playlist
You Got
0%
They Got
Avg Score
63%
Avg Friend Score
Upgrade to see
Score Distribution
Jump to the score distribution portion of the page
Score
0/25
Timer
05:00
0
Plays Today
Position
Band Member
% Correct
Lead Singer
Bruce Dickinson
98%
Bass
Steve Harris
96.8%
Guitar
Adrian Smith
96.6%
Guitar
Dave Murray
96.2%
Lead Singer
Paul Di'Anno
95%
Drummer
Nicko McBrain
93.4%
Guitar
Janick Gers
92.4%
Drummer
Clive Burr
92%
Lead Singer
Blaze Bayley
89.5%
Guitar
Dennis Stratton
78.7%
Lead Singer
Paul Day
64.6%
Drummer
Doug Sampson
57.5%
Drummer
Thunderstick
57.1%
Position
Band Member
% Correct
Lead Singer
Dennis Wilcock
55.7%
Guitar
Terry Rance
43.3%
Drummer
Ron Matthews
43.3%
Guitar
Dave Sullivan
41.6%
Keyboards
Tony Moore
41.4%
Guitar
Terry Wapram
41.2%
Guitar
Tony Parsons
39.8%
Guitar
Paul Cairns
38%
Guitar
Bob Sawyer
37.8%
Guitar
Paul Todd
36%
Guitar
Dave Mac
32.6%
Guitar
Kent Ewing
29%
Quiz Playlist
Details
Report
Send in Message
Add To Playlist
Classic:
Type in answers that appear in a list
Last Updated: Feb 16, 2017
Quiz Scoreboard
CHALLENGE
Sign Up to Join the Scoreboard
Show All
Scores
Hide
Comments
May contain spoilers
Recently Published
9x9 Crossword: Cartoon Network
by jackfrog10
Miscellaneous
3m
College Basketball Coaching Resumes
by pancakes188
Sports
9m
Billboard Blitz: Fleetwood Mac
by CooCooCachoo
Music
15s
More to Explore
Quiz From the Vault
Featured Blog Post
Where Did the Easter Bunny Come From?
hide this ad
You Might Also Like...
Tags
Bands Quiz
Football Quiz
Ever
iron
Iron Maiden
Joined
maiden
Today's Top Quizzes in Music
Browse Music
hide this ad
Today's Top Quizzes in Football
Browse Football
Top Contributed Quizzes in Music
1
Taylor Swift All Songs (2024)
2
Guess the Artist- 70s Songs
3
7-to-1: Billboard Hot 100 #1 Hits of 2010s
4
Taylor Swift Logic Puzzle
5
Sorting Albums and Songs
6
KPOP LOGIC QUIZ
7
Guess the Taylor Swift song (Mystery Song)
8
Guess The Taylor Swift Lyrics Song #1
9
Billboard Blitz: ABBA
10
Billboard Blitz: The Beatles
Explore More
Trending Topics
Kpop
Crossword
NBA
Disney
Harry Potter
Marvel
Anime
The Office
WWE
Pokémon
Song
NFL
Puzzle
Soccer
Country
hide this ad
More By:
Dlink10
Quiz
Plays
Rating
Category
Featured
Created
every Iron Maiden band member ever
504
4.33
Music
Apr 24, 2010
movie franchises by one word
456
1.63
Movies
Apr 24, 2010
Countries by initial
322
4.47
Geography
Apr 24, 2010
The Actors that have played James Bond
275
1.67
Movies
Apr 23, 2010
Most Common American Surnames
264
5.00
Geography
May 2, 2010
Go to Creator's Profile
Score Distribution
Quiz Creator Spotlight
Dlink10
Follow
Send a Message
Quizzes Created
-
Created Quiz Play Count
-
More By This Creator
Popular Quizzes Today
1
Find the US States - No Outlines Minefield
2
Find the Countries of Europe - No Outlines Minefield
3
The Countries of the World
4
Find the US States
5
Risky Map Clicking: Biggest States A-Z
6
US States
7
Popular People in 1961
8
Movies - When Are They Set?
More Music Quizzes
'N' Named Bands & Musicians
Published
Trending Quizzes
Risky Map Clicking: Least Populous States A-Z
1-10 Letter G Words
Risky Map Clicking: Next State Alphabetically
Adjectives in 80s TV Shows
Risky Map Clicking: Biggest States A-Z
Recently Updated
Leaping Animals
pecheneg
Reality TV Shows (A-Z)
bhenderson79
Rickey Henderson's Hall of Fame Teammates
pecheneg
Champions League XIs: Arsenal
pecheneg
Quick Pick: Celebrities in WWE's Hall of Fame
aduchscher
A-Z Keypad Blitz II
pecheneg
Multiple Oscar Actors
pecheneg
Mystery Phrase Blitz: Oscar 'Best Actors'
pecheneg
F. Scott Fitzgerald Novels
LTH
Pick 3 Villains
ddd62291
Trending Topics
NBA
Marvel
Anime
Crossword
Harry Potter
Kpop
Disney
NFL
The Office
Song
Country
Soccer
Pokémon
Puzzle
WWE
Your Account Isn't Verified!
In order to create a playlist on Sporcle, you need to verify the email address you used during registration. Go to your
Sporcle Settings
to finish the process.
Report this User
Report this user for behavior that violates our
Community Guidelines
.
Details:
Send Report
Go to the Sporcle.com Mobile Site →
Comments